Guess the lyrics (#69) - Statistics

General Stats
  • This quiz has been taken 114 times
  • The average score is 120 of 269
Answer Stats
Answer % Correct
I
98%
a
97%
A
97%
the
93%
you
91%
You
91%
D
87%
is
85%
go
84%
me"
84%
me
84%
When
84%
it
82%
and
81%
And
81%
to
81%
To
81%
we
80%
We
80%
be
78%
no
78%
your
77%
my
74%
that
74%
on
73%
In
70%
in
70%
Then
67%
This
67%
this
67%
All
66%
all
66%
not
65%
what
64%
Her
63%
her
63%
I'm
63%
of
63%
they
62%
They
62%
it's
59%
'It's
59%
It's
59%
"It's
59%
too
59%
are
58%
can't
58%
time
58%
don't
57%
know
57%
have
56%
say
56%
us
56%
was
55%
but
53%
But
53%
up
49%
like
47%
just
46%
some
45%
with
45%
girl
43%
had
43%
every
42%
Now
42%
said
42%
take
40%
'cause
38%
out
38%
goin'
37%
down
36%
Here
36%
think
34%
make
33%
or
33%
she's
32%
because
30%
Always
27%
right
27%
they're
27%
Went
26%
nothin'
25%
New
24%
people
24%
People
24%
he's
23%
house
23%
real
23%
that's
23%
talk
22%
'cause
21%
hair
21%
These
21%
try
21%
wake
21%
alone
20%
far
20%
leave
20%
"Please
20%
easy"
19%
keep
19%
little
19%
own
19%
very
19%
walk
19%
even
18%
really
18%
Tricky'
18%
tricky
18%
mean
16%
star
16%
York
16%
wearin'
15%
ain't
14%
rock
14%
city
13%
rhyme
13%
rhyme"
13%
use
13%
girls
12%
met
12%
who's
12%
girlie
11%
singin'
11%
"Spend
11%
curly
10%
kinda
10%
play
10%
quit
10%
bust
9%
early
9%
inside
8%
lots
8%
offer
8%
recital
8%
tv
8%
vital
8%
drugs
7%
father
7%
follows
7%
gig
7%
hide
7%
lyin'
7%
mostly
7%
pity
7%
title
7%
y'all
7%
bother
5%
coke
5%
cryin'
5%
Darryl
5%
hawk
5%
Jay
5%
named
5%
poor
5%
ringin'
5%
sleazy
5%
tearin'
5%
Tinted
5%
windows
5%
braggin'
4%
Carol
4%
dismissed
4%
dissed
4%
dope
4%
jockin'
4%
Phone
4%
speech
4%
assume
3%
naggin'
2%
shock
2%
thugs
2%
No matching quizzes found
Score Distribution
Percent of People with Each Score
Percentile by Number Answered
Your Score History
You have not taken this quiz